[Event "SF Essen-Katernberg  3 - Oberhausener S"]
[Site "Verbandsliga - Gr. 2 2019/202"]
[Date "2019.11.17"]
[Round "3.3"]
[White "Krueger, André"]
[Black "Nautsch, Werner"]
[Result "1-0"]
[WhiteElo "1959"]
[BlackElo "2016"]
[PlyCount "83"]
[EventDate "2019.??.??"]

1. d4 g6 2. e4 Bg7 3. Nf3 d6 4. Bc4 c6 5. Bb3 Nf6 6. Qe2 O-O 7. e5 dxe5 8. dxe5
Nd5 9. h3 b6 10. O-O Ba6 11. c4 Nc7 12. Rd1 Qc8 13. Bf4 Ne6 14. Bg3 Nd7 15. Nc3
Bh6 16. Qe4 Bb7 17. Qh4 Bg7 18. Qxe7 Ndc5 19. Qh4 h6 20. Bc2 a5 21. Ne4 Nxe4
22. Bxe4 c5 23. Bd5 Rb8 24. Qe4 Re8 25. h4 Bxd5 26. cxd5 Nf8 27. Qc2 Rb7 28.
Re1 Rd7 29. Rad1 Qd8 30. d6 Ne6 31. a4 Rb7 32. Rd3 Qd7 33. Red1 g5 34. hxg5
hxg5 35. Qc4 Reb8 36. Qg4 Bh6 37. Bh4 Nf8 38. Qg3 g4 39. Nh2 Ng6 40. Nxg4 Bg7
41. Nf6+ Bxf6 42. Bxf6 1-0

[Event "SF Essen-Katernberg  3 - Oberhausener S"]
[Site "Verbandsliga - Gr. 2 2019/202"]
[Date "2019.11.17"]
[Round "3.4"]
[White "Gallas, Noel"]
[Black "Gerst, Michael"]
[Result "1-0"]
[WhiteElo "1917"]
[BlackElo "1899"]
[PlyCount "49"]
[EventDate "2019.??.??"]

1. e4 c5 2. c3 d5 3. exd5 Qxd5 4. d4 e6 5. Nf3 Nf6 6. Be2 Be7 7. O-O cxd4 8.
cxd4 Nc6 9. Nc3 Qd6 10. Be3 O-O 11. Qb3 b6 12. Nb5 Qd8 13. Ne5 Bb7 14. Rac1 Na5
15. Qa4 a6 16. Nc7 b5 17. Qxa5 Rc8 18. Qb6 Ba8 19. Nxa8 Rxc1 20. Rxc1 Qxa8 21.
Bf3 Nd5 22. Bxd5 Qxd5 23. Qxa6 f5 24. Qc6 Qxa2 25. Qxb5 1-0

[Event "SF Essen-Katernberg  3 - Oberhausener S"]
[Site "Verbandsliga - Gr. 2 2019/202"]
[Date "2019.11.17"]
[Round "3.5"]
[White "Stefaniak, Christian"]
[Black "Jahrke, Jonas"]
[Result "1-0"]
[WhiteElo "1915"]
[BlackElo "1774"]
[PlyCount "111"]
[EventDate "2019.??.??"]

1. e4 c5 2. Nf3 d6 3. c3 Nf6 4. Bc4 e6 5. Qe2 a6 6. O-O b5 7. Bb3 Bb7 8. Bc2
Be7 9. d4 Nbd7 10. Re1 cxd4 11. cxd4 Rc8 12. Nc3 Qc7 13. a3 Nb6 14. Bd3 Nc4 15.
Nd2 h5 16. Nxc4 bxc4 17. Bc2 Kf8 18. h3 Rd8 19. Bf4 e5 20. dxe5 dxe5 21. Be3
Bc5 22. Qxc4 Rc8 23. Bxc5+ Qxc5 24. Qxc5+ Rxc5 25. Rad1 Ke7 26. f3 Rb8 27. Re2
Bc8 28. Bd3 Rc6 29. Nd5+ Ke6 30. Ne3 Ke7 31. Bc4 Be6 32. Bd5 Rcb6 33. b4 Rd8
34. Nc4 Rb5 35. Nxe5 Bxd5 36. exd5 Rdxd5 37. Nc4+ Kf8 38. Red2 Rxd2 39. Rxd2
Rd5 40. Kf2 Rxd2+ 41. Nxd2 Ke7 42. Nb3 Nd7 43. Ke3 Kd6 44. Kd4 Nb8 45. Nc5 h4
46. Ne4+ Kc6 47. a4 f5 48. b5+ axb5 49. axb5+ Kxb5 50. Nd6+ Kc6 51. Nxf5 g5 52.
Ke5 Nd7+ 53. Ke6 Nc5+ 54. Kf6 Nd3 55. Kxg5 Ne1 56. Nxh4 1-0

[Event "SF Essen-Katernberg  3 - Oberhausener S"]
[Site "Verbandsliga - Gr. 2 2019/202"]
[Date "2019.11.17"]
[Round "3.6"]
[White "Geerlings, Gerd"]
[Black "Seibert, Michael"]
[Result "1-0"]
[WhiteElo "1999"]
[BlackElo "1958"]
[PlyCount "53"]
[EventDate "2019.??.??"]

1. Nf3 g6 2. d4 Bg7 3. g3 Nf6 4. Bg2 c5 5. O-O cxd4 6. Nxd4 Nc6 7. c4 O-O 8.
Nc3 a6 9. h3 Rb8 10. Bf4 d6 11. Bxc6 e5 12. Bg2 exf4 13. gxf4 Nh5 14. e3 Qb6
15. Nb3 Be6 16. Nd5 Bxd5 17. Qxd5 Qc7 18. Rab1 b5 19. Rfc1 Nf6 20. Qd3 b4 21.
c5 d5 22. c6 Rb6 23. Nd4 Re8 24. Rc5 Rd8 25. Rbc1 Bf8 26. Ra5 Qc8 27. Qb3 1-0

[Event "SF Essen-Katernberg  3 - Oberhausener S"]
[Site "Verbandsliga - Gr. 2 2019/202"]
[Date "2019.11.17"]
[Round "3.7"]
[White "Faber, Lennart"]
[Black "Sauer, Bernd"]
[Result "0-1"]
[WhiteElo "1739"]
[BlackElo "1926"]
[PlyCount "106"]
[EventDate "2019.??.??"]

1. Nf3 d5 2. c4 c6 3. cxd5 cxd5 4. g3 Nc6 5. Bg2 Nf6 6. O-O e6 7. d3 Be7 8. Nc3
O-O 9. Bf4 a6 10. Rc1 Bd7 11. e4 Qb6 12. exd5 exd5 13. Qd2 Be6 14. Ne5 Rac8 15.
Na4 Qb5 16. Nc3 Qb6 17. Na4 Qd4 18. Nxc6 bxc6 19. Qa5 Nd7 20. Rfd1 Qa7 21. d4
Qb7 22. a3 Bg4 23. Rd2 Bd8 24. Qc3 Qb5 25. Nc5 Nxc5 26. Qxc5 Qb7 27. h3 Bf5 28.
g4 Be6 29. Rdc2 Bb6 30. Qc3 Qa7 31. Be3 f5 32. Qd2 Bd7 33. g5 f4 34. Bxf4 Bxd4
35. Be3 Bxe3 36. fxe3 Rce8 37. Re1 Re5 38. Rc3 Rxg5 39. Kh1 Rgf5 40. Qd4 Qxd4
41. exd4 Rf2 42. b4 Rd2 43. Re7 Rf7 44. Rxd7 Rxd7 45. Rxc6 Rxd4 46. Rxa6 Rd1+
47. Kh2 Rb1 48. Ra5 d4 49. b5 d3 50. a4 Rb2 51. Kg3 Rxg2+ 52. Kxg2 d2 53. b6
d1=Q 0-1

[Event "SF Essen-Katernberg  3 - Oberhausener S"]
[Site "Verbandsliga - Gr. 2 2019/202"]
[Date "2019.11.17"]
[Round "3.8"]
[White "Kudelka, Josua"]
[Black "Rippke, Uwe"]
[Result "1-0"]
[WhiteElo "1952"]
[BlackElo "1612"]
[PlyCount "43"]
[EventDate "2019.??.??"]

1. d4 d5 2. Bf4 Nf6 3. e3 e6 4. Nf3 Nbd7 5. Nbd2 Bd6 6. Ne5 O-O 7. Bd3 h6 8. h4
Be7 9. g4 Nxe5 10. dxe5 Ne4 11. g5 Nxd2 12. Kxd2 d4 13. gxh6 g6 14. Qg4 Kh7 15.
h5 dxe3+ 16. fxe3 Rg8 17. Rag1 c5 18. hxg6+ Rxg6 19. Kc1 Qe8 20. Rg2 b5 21.
Rhg1 Bb7 22. Bxg6+ 1-0

[Event "SV Königsspringer Hamm 1 - SV Recklingh"]
[Site "Verbandsliga - Gr. 2 2019/202"]
[Date "2019.11.17"]
[Round "3.1"]
[White "Beckmann, Klaus"]
[Black "Happel, Heiner"]
[Result "0-1"]
[WhiteElo "2095"]
[BlackElo "2186"]
[PlyCount "76"]
[EventDate "2019.??.??"]

1. Nf3 d5 2. d4 Nf6 3. c4 c6 4. Nc3 a6 5. h3 Bf5 6. cxd5 cxd5 7. Qb3 Ra7 8. g4
Be6 9. Bg2 h6 10. g5 hxg5 11. Nxg5 Nc6 12. Nxe6 fxe6 13. e3 g6 14. Ne2 Bh6 15.
Bd2 Kf7 16. Rc1 Qd6 17. Rc2 b5 18. Nc1 Rc8 19. Nd3 Nd7 20. Ke2 Rac7 21. Rhc1
Bg7 22. Nf4 Nb6 23. h4 Qxf4 24. Rxc6 Qh2 25. Rxc7 Rxc7 26. Rxc7 Qxc7 27. Ke1
Qh2 28. Kf1 Qxh4 29. Be1 Qh8 30. Qa3 Qc8 31. b3 Nd7 32. Bb4 Bf6 33. Bf3 Qc6 34.
Qa5 e5 35. dxe5 Nxe5 36. Be2 Qc1+ 37. Be1 Nc6 38. Qxa6 Nb4 0-1

[Event "SV Königsspringer Hamm 1 - SV Recklingh"]
[Site "Verbandsliga - Gr. 2 2019/202"]
[Date "2019.11.17"]
[Round "3.2"]
[White "Frombach, Ralf"]
[Black "Hoefker, Mathias"]
[Result "1-0"]
[WhiteElo "2139"]
[BlackElo "2102"]
[PlyCount "79"]
[EventDate "2019.??.??"]

1. d4 Nf6 2. c4 e6 3. Nc3 Bb4 4. e3 c5 5. Bd3 Nc6 6. Nf3 d5 7. O-O O-O 8. a3
Bxc3 9. bxc3 dxc4 10. Bxc4 Qc7 11. Ba2 b6 12. Qc2 Bb7 13. Bb2 Rac8 14. dxc5
bxc5 15. c4 e5 16. Qf5 Qd7 17. Bb1 Qxf5 18. Bxf5 Rce8 19. Rfd1 Re7 20. Rd6 Rfe8
21. Bc3 Rc7 22. Rad1 Kf8 23. g4 Bc8 24. Bxc8 Rcxc8 25. Nd2 Red8 26. Nb3 Rxd6
27. Rxd6 Ne4 28. Rd3 Rb8 29. Be1 Rd8 30. Rd5 Rxd5 31. cxd5 Nd8 32. f3 c4 33.
Na5 Ng5 34. Kg2 e4 35. f4 Nf3 36. Bb4+ Ke8 37. Nxc4 f5 38. Nd6+ Kd7 39. Nxf5 g6
40. Ng3 1-0

[Event "SV Königsspringer Hamm 1 - SV Recklingh"]
[Site "Verbandsliga - Gr. 2 2019/202"]
[Date "2019.11.17"]
[Round "3.3"]
[White "Herud, Martin"]
[Black "Prueß, Wilfried"]
[Result "1-0"]
[WhiteElo "2002"]
[BlackElo "2065"]
[PlyCount "141"]
[EventDate "2019.??.??"]

1. e4 e6 2. Nf3 d5 3. Nc3 Nf6 4. e5 Nfd7 5. d4 c5 6. dxc5 Nc6 7. Bf4 Bxc5 8.
Bd3 Be7 9. Qe2 a6 10. O-O-O b5 11. Kb1 Qa5 12. Rde1 Nb6 13. Ng5 Nb4 14. Qh5 g6
15. Qf3 Nc4 16. Bxc4 bxc4 17. Be3 Rf8 18. Nxh7 Rh8 19. Nf6+ Kd8 20. Rd1 Rb8 21.
Bg5 Nd3 22. Rxd3 cxd3 23. Qxd3 Qb4 24. b3 Bb7 25. Rd1 Rxh2 26. Nce4 Kc7 27. Bd2
Qb5 28. c4 dxe4 29. Qg3 Rxg2 30. Qxg2 Qxe5 31. Nd7 Qf5 32. Ba5+ Qxa5 33. Qg3+
e5 34. c5 f6 35. Nxe5 Qxc5 36. Nc4+ Kc8 37. Rc1 Bc6 38. Ne3 Qxc1+ 39. Kxc1 Be8
40. Nd5 Bd8 41. Qc3+ Kb7 42. Qb4+ Ka7 43. Qd4+ Kb7 44. Qxe4 Bc6 45. Qb4+ Ka7
46. Qd4+ Kb7 47. Nxf6 Bb6 48. Qd3 Rc8 49. Kb2 Rd8 50. Qxg6 Bxf2 51. Ne4 Bd4+
52. Kc2 Rd7 53. Nd6+ Kc7 54. Nc4 Bd5 55. Qxa6 Be4+ 56. Kc1 Kd8 57. Qa5+ Ke7 58.
Qg5+ Bf6 59. Qc5+ Ke6 60. a4 Rd5 61. Qc6+ Ke7 62. Qc7+ Ke6 63. Qb6+ Ke7 64. a5
Bc3 65. Qc7+ Ke6 66. Qc8+ Kf7 67. a6 Kg7 68. Qg4+ Bg6 69. a7 Rd8 70. Nb6 Rd2
71. Qxg6+ 1-0

[Event "SV Königsspringer Hamm 1 - SV Recklingh"]
[Site "Verbandsliga - Gr. 2 2019/202"]
[Date "2019.11.17"]
[Round "3.4"]
[White "Schmidt, Ingo"]
[Black "Callenberg, Ralf"]
[Result "1/2-1/2"]
[WhiteElo "1967"]
[BlackElo "1982"]
[PlyCount "139"]
[EventDate "2019.??.??"]

1. e4 c5 2. Nf3 d6 3. d4 cxd4 4. Nxd4 Nf6 5. Nc3 a6 6. a4 b6 7. Bc4 e6 8. O-O
Be7 9. Qe2 Qc7 10. Be3 O-O 11. f4 Nbd7 12. Bxe6 fxe6 13. Nxe6 Qc6 14. Nd5 Rf7
15. Ng5 Nxd5 16. exd5 Qxd5 17. c4 Qc6 18. Nxf7 Kxf7 19. Qh5+ Kg8 20. Qe8+ Bf8
21. Qe6+ Kh8 22. Qf7 Bb7 23. Rf2 Nf6 24. Bd4 Qd7 25. Qxd7 Nxd7 26. Re2 Kg8 27.
Rae1 Kf7 28. h3 Rc8 29. b3 d5 30. Rd1 Rc7 31. f5 dxc4 32. bxc4 Bc6 33. Ra2 a5
34. Rb1 Be4 35. Rd1 Bxf5 36. Rf2 Kg6 37. g4 Be6 38. Bxb6 Nxb6 39. Rxf8 Nxc4 40.
Rd4 Rb7 41. Re8 Bf7 42. Rc8 Rb4 43. h4 Be6 44. Rc6 Kf7 45. Rf4+ Ke7 46. Kf2 Kd7
47. Ra6 Rxa4 48. Rd4+ Ke7 49. Re4 Ra2+ 50. Ke1 Nd6 51. Ra7+ Kf6 52. g5+ Kf5 53.
Re3 Ra1+ 54. Ke2 Bc4+ 55. Kd2 Kf4 56. Ree7 Nf5 57. Rec7 Bb3 58. Rcb7 a4 59.
Rb4+ Ke5 60. Ra5+ Bd5 61. Raxa4 Rxa4 62. Rxa4 Be4 63. h5 Bf3 64. h6 gxh6 65.
gxh6 Kf6 66. Ke1 Kg5 67. Kf2 Bh5 68. Ra5 Bg6 69. Kf3 Kxh6 70. Kf4 1/2-1/2

[Event "SV Königsspringer Hamm 1 - SV Recklingh"]
[Site "Verbandsliga - Gr. 2 2019/202"]
[Date "2019.11.17"]
[Round "3.5"]
[White "Parado, Dominador"]
[Black "Klaus, Michael"]
[Result "0-1"]
[WhiteElo "1885"]
[BlackElo "1833"]
[PlyCount "114"]
[EventDate "2019.??.??"]

1. Nf3 Nf6 2. c4 c5 3. Nc3 e6 4. g3 Nc6 5. Bg2 Be7 6. O-O O-O 7. d4 d5 8. cxd5
exd5 9. dxc5 Bxc5 10. Bg5 d4 11. Na4 Be7 12. Rc1 h6 13. Bf4 Be6 14. Nc5 Bxc5
15. Rxc5 Qb6 16. Qc1 Bxa2 17. Ne5 Na5 18. Bxh6 gxh6 19. Qxh6 Nh7 20. Qxb6 axb6
21. Rb5 Rfe8 22. Rd1 Rad8 23. Bf3 f6 24. Nd3 Ng5 25. Bh5 Bf7 26. Bg4 Rd6 27. h4
Ne6 28. Rc1 Ng7 29. Kf1 Nc4 30. Rc2 Ne5 31. Bh3 Nxd3 32. exd3 Bg6 33. Rb3 Re7
34. g4 Bf7 35. Ra3 Be6 36. f4 Bd5 37. f5 Rc6 38. Rxc6 bxc6 39. g5 Re3 40. Bg4
fxg5 41. hxg5 Rg3 42. Ra8+ Kf7 43. Ra7+ Kg8 44. f6 Rxg4 45. Rxg7+ Kf8 46. Ke1
Bf7 47. Kf2 c5 48. Kf3 Bh5 49. Kf2 b5 50. Ke1 c4 51. dxc4 bxc4 52. Rd7 d3 53.
Rc7 Rg2 54. Rd7 Rxg5 55. b3 c3 56. Rxd3 Rg1+ 57. Kf2 c2 0-1

[Event "SV Königsspringer Hamm 1 - SV Recklingh"]
[Site "Verbandsliga - Gr. 2 2019/202"]
[Date "2019.11.17"]
[Round "3.6"]
[White "Sporkert, Corina"]
[Black "Stahlhofen, Thomas"]
[Result "1-0"]
[WhiteElo "1829"]
[BlackElo "1832"]
[PlyCount "129"]
[EventDate "2019.??.??"]

1. e4 e6 2. d4 d5 3. exd5 exd5 4. Nf3 Bg4 5. Be2 Bd6 6. Ne5 Bxe2 7. Qxe2 Ne7 8.
Qb5+ Nbc6 9. O-O O-O 10. Nxc6 Nxc6 11. c3 Rb8 12. Nd2 Ne7 13. Nf3 Ng6 14. Qd3
Qd7 15. Re1 c6 16. Bd2 Rbe8 17. Kf1 Rxe1+ 18. Rxe1 Re8 19. Rxe8+ Qxe8 20. Qf5
h6 21. b3 Qe4 22. Qxe4 dxe4 23. Ne1 f5 24. h3 f4 25. Ke2 Kf7 26. c4 Ke6 27. Bc3
Ne7 28. Nc2 Nf5 29. Bd2 g5 30. Bc3 h5 31. Ba5 b6 32. Bd2 g4 33. hxg4 hxg4 34.
Bc3 f3+ 35. gxf3 exf3+ 36. Kf1 g3 37. Ne1 g2+ 38. Nxg2 fxg2+ 39. Kxg2 Bf8 40.
Kf3 Bg7 41. Ke4 Nd6+ 42. Kf4 Bh6+ 43. Kf3 Kf5 44. Bb4 Ne4 45. Ke2 Bf4 46. Be1
Bc1 47. f3 Ng5 48. Bg3 Bb2 49. d5 cxd5 50. cxd5 Be5 51. Be1 Bd6 52. Bd2 Nh3 53.
Kd3 Ke5 54. Kc4 Ng1 55. Bc3+ Kf5 56. Kb5 Nxf3 57. Kc6 Ng5 58. Kxd6 Ne4+ 59. Kc6
Nxc3 60. d6 Ne2 61. d7 Nd4+ 62. Kb7 Ne6 63. Kxa7 b5 64. a4 b4 65. Kb7 1-0

[Event "SV Königsspringer Hamm 1 - SV Recklingh"]
[Site "Verbandsliga - Gr. 2 2019/202"]
[Date "2019.11.17"]
[Round "3.7"]
[White "Kleiner, Tom"]
[Black "Kauder, Hartmut"]
[Result "1-0"]
[WhiteElo "1896"]
[BlackElo "2089"]
[PlyCount "87"]
[EventDate "2019.??.??"]

1. d3 c5 2. g3 Nc6 3. Bg2 g6 4. Bd2 Bg7 5. Nc3 Nf6 6. f4 d5 7. e4 dxe4 8. dxe4
e5 9. Nge2 O-O 10. O-O Re8 11. f5 Nd4 12. fxg6 fxg6 13. Bg5 h6 14. Bxf6 Bxf6
15. Nd5 Bg7 16. Nxd4 exd4 17. Qf3 Rf8 18. Qb3 Rxf1+ 19. Rxf1 Kh7 20. Rf7 Kh8
21. Ne7 Kh7 22. Nxc8 Qxc8 23. Qxb7 Qxb7 24. Rxb7 c4 25. Bf1 c3 26. bxc3 dxc3
27. Bc4 Kh8 28. Kf2 Rd8 29. Bd5 Bd4+ 30. Ke2 Rf8 31. Kd3 Be5 32. Ke3 a5 33. Ra7
Rf1 34. Rxa5 Rh1 35. Bb3 Bg7 36. e5 Rxh2 37. e6 Bf8 38. Ra8 Kg7 39. Ra7+ Kh8
40. e7 Bxe7 41. Rxe7 Rg2 42. Kf3 Rg1 43. a4 g5 44. Kg4 1-0

[Event "SV Königsspringer Hamm 1 - SV Recklingh"]
[Site "Verbandsliga - Gr. 2 2019/202"]
[Date "2019.11.17"]
[Round "3.8"]
[White "Weimer, Eduard"]
[Black "Bleich, Karl-Heinz"]
[Result "1-0"]
[WhiteElo "2027"]
[BlackElo "1511"]
[PlyCount "89"]
[EventDate "2019.??.??"]

1. e4 e5 2. Nc3 Nf6 3. f4 d5 4. fxe5 Nxe4 5. Qf3 Nxc3 6. dxc3 Nc6 7. Bf4 Be7 8.
O-O-O Be6 9. Qg3 g5 10. Bd2 h6 11. h4 Rg8 12. Bb5 Qd7 13. Nh3 O-O-O 14. hxg5
Bxh3 15. Rxh3 hxg5 16. Rh6 g4 17. Rf1 Rdf8 18. Qd3 Kb8 19. c4 d4 20. Qe4 f5 21.
exf6 Bd6 22. Qd5 Qe8 23. c5 Qe5 24. Qxe5 Bxe5 25. f7 Rg7 26. Re6 Rgxf7 27. Rxf7
Rh8 28. Bh6 Nd8 29. Re8 Rxe8 30. Bxe8 Nxf7 31. Bxf7 g3 32. Kd2 Kc8 33. Be6+ Kd8
34. Bg5+ Ke8 35. Kd3 Kf8 36. Ke4 Bg7 37. b4 Ke8 38. Bc8 b6 39. c6 Bf8 40. Bd7+
Kf7 41. Bf4 Bxb4 42. Bxc7 Ke7 43. Bxg3 Bc5 44. Kd5 Kd8 45. Ke6 1-0

[Event "SV Horst-Emscher 1 - SV Bochum-Linden 1"]
[Site "Verbandsliga - Gr. 2 2019/202"]
[Date "2019.11.17"]
[Round "3.1"]
[White "Schreck, Roland"]
[Black "Baerwolf, Steven"]
[Result "0-1"]
[WhiteElo "2109"]
[BlackElo "2210"]
[PlyCount "102"]
[EventDate "2019.??.??"]

1. c4 e6 2. Nf3 d5 3. g3 Nf6 4. Bg2 Be7 5. O-O O-O 6. b3 c5 7. d3 Nc6 8. e3 e5
9. Nc3 d4 10. exd4 cxd4 11. Nb1 Nd7 12. Re1 f5 13. Ba3 Re8 14. Bxe7 Rxe7 15. a3
a5 16. Ng5 Nf6 17. Nd2 h6 18. Nh3 g5 19. f3 g4 20. Nf2 h5 21. b4 axb4 22. axb4
Rxa1 23. Qxa1 Nxb4 24. Qa4 Na6 25. Qa3 Kf7 26. fxg4 hxg4 27. Rf1 Kg6 28. h4 Nh5
29. Nh1 Rh7 30. Ne4 fxe4 31. Bxe4+ Kg7 32. Bxh7 Kxh7 33. Rf8 Qc7 34. Re8 Nc5
35. Qc1 Nf6 36. Rf8 Kg7 37. Rxf6 Kxf6 38. Qg5+ Ke6 39. Nf2 Kd6 40. Qf6+ Be6 41.
h5 Qe7 42. Qh8 Bf5 43. h6 Nxd3 44. Qb8+ Kc6 45. Nxd3 Bxd3 46. Qc8+ Kb6 47. Qxg4
Qf6 48. Qd1 Bxc4 49. Qb1+ Ka7 50. h7 Qg7 51. Kf2 Qh6 0-1

[Event "SV Horst-Emscher 1 - SV Bochum-Linden 1"]
[Site "Verbandsliga - Gr. 2 2019/202"]
[Date "2019.11.17"]
[Round "3.2"]
[White "Rebentisch, Tom"]
[Black "Boehm, Ingo"]
[Result "1/2-1/2"]
[WhiteElo "2045"]
[BlackElo "2040"]
[PlyCount "107"]
[EventDate "2019.??.??"]

1. d4 g6 2. c4 d6 3. Nc3 Nf6 4. Nf3 Bg7 5. b3 c6 6. Bb2 d5 7. e3 O-O 8. Bd3
Nbd7 9. O-O Re8 10. cxd5 cxd5 11. Rc1 a6 12. b4 e5 13. dxe5 Nxe5 14. Nxe5 Rxe5
15. Ne2 Re7 16. Qb3 Bd7 17. Rfd1 Qe8 18. Bxf6 Bxf6 19. Qxd5 Be6 20. Qa5 Rd7 21.
Nf4 Bg4 22. Be2 Bxe2 23. Nxe2 Rad8 24. Rf1 Rd2 25. Nc3 Qe6 26. a4 R8d3 27. Nb1
Rb2 28. Qc5 Be7 29. Qc8+ Qxc8 30. Rxc8+ Kg7 31. b5 axb5 32. axb5 Bb4 33. g3
Rdb3 34. Rcc1 Ba5 35. h4 Rxb5 36. Nc3 Rc5 37. Ne4 Re5 38. Nd6 b5 39. Rb1 Rd2
40. Rxb5 Rxb5 41. Nxb5 Rd7 42. Kg2 Bd8 43. Nc3 Rb7 44. Rd1 Ba5 45. Nd5 Rd7 46.
e4 Rb7 47. Ra1 Bd8 48. Ra2 Rd7 49. Nf4 Bb6 50. Kf3 Bc5 51. e5 Be7 52. Ke4 f6
53. e6 f5+ 54. Kf3 1/2-1/2

[Event "SV Horst-Emscher 1 - SV Bochum-Linden 1"]
[Site "Verbandsliga - Gr. 2 2019/202"]
[Date "2019.11.17"]
[Round "3.3"]
[White "Schmidt, Ralph"]
[Black "Buschmann, Andreas"]
[Result "0-1"]
[WhiteElo "1921"]
[BlackElo "2038"]
[PlyCount "134"]
[EventDate "2019.??.??"]

1. e4 g6 2. Nc3 Bg7 3. d3 d6 4. Be3 Nf6 5. Be2 c5 6. f4 Nc6 7. Bf3 Nd4 8. Bxd4
cxd4 9. Nd5 Nxd5 10. exd5 b5 11. Ne2 Bb7 12. O-O Qb6 13. b4 O-O 14. Nc1 a5 15.
Qe1 Qc7 16. bxa5 Rxa5 17. Rf2 Rc8 18. Re2 Bf6 19. g4 g5 20. Nb3 Ra4 21. Be4 Kh8
22. Qf1 Rg8 23. Qh3 Rg7 24. Qh6 Qc8 25. f5 Qa8 26. Nc1 Bxd5 27. Rb1 Bxe4 28.
dxe4 Qc6 29. Qh3 Qc4 30. Qd3 Ra5 31. Qd2 Ra3 32. Qb4 Qxb4 33. Rxb4 Ra5 34. Nb3
Rxa2 35. Nxd4 Rg8 36. Nf3 Rc8 37. Rxb5 Rcxc2 38. Rxc2 Rxc2 39. e5 dxe5 40. Nxe5
Kg7 41. Nf3 Re2 42. Kf1 Re4 43. h3 h5 44. gxh5 Kh6 45. Kg2 Kxh5 46. Ra5 g4 47.
hxg4+ Kxg4 48. Ng1 Re5 49. Ra4+ Kxf5 50. Nh3 Rb5 51. Ra3 e5 52. Rf3+ Ke6 53.
Nf2 Be7 54. Rh3 f5 55. Rh6+ Kd5 56. Nd1 Ra5 57. Ne3+ Ke4 58. Nd1 Ra2+ 59. Kf1
Ra1 60. Ke2 f4 61. Nc3+ Kf5 62. Rh5+ Bg5 63. Rh8 Ra3 64. Rf8+ Kg4 65. Nd1 f3+
66. Kf1 Ra1 67. Ke1 e4 0-1

[Event "SV Horst-Emscher 1 - SV Bochum-Linden 1"]
[Site "Verbandsliga - Gr. 2 2019/202"]
[Date "2019.11.17"]
[Round "3.4"]
[White "Arndt, Olaf"]
[Black "Marx, Henning"]
[Result "1-0"]
[WhiteElo "1915"]
[BlackElo "1932"]
[PlyCount "71"]
[EventDate "2019.??.??"]

1. e4 d5 2. exd5 Qxd5 3. Nc3 Qa5 4. Bc4 Nf6 5. d4 c6 6. Bd2 Qc7 7. a4 Bf5 8.
Nf3 e6 9. O-O Bd6 10. Re1 O-O 11. h3 Nbd7 12. Nh4 Bg6 13. Nxg6 hxg6 14. Qf3 e5
15. d5 Nb6 16. Bb3 Nbxd5 17. Nxd5 Nxd5 18. Bxd5 cxd5 19. Qxd5 Rac8 20. Bc3 Qc6
21. Rad1 Bb8 22. Qxc6 Rxc6 23. Rd7 b6 24. Red1 Rc7 25. Rxc7 Bxc7 26. Rd7 Bb8
27. Kf1 f6 28. Bb4 Rc8 29. Rb7 Kh7 30. b3 g5 31. g4 Kg6 32. c4 a5 33. Bd2 Bc7
34. Be3 e4 35. Bxb6 Bf4 36. Bxa5 1-0

[Event "SV Horst-Emscher 1 - SV Bochum-Linden 1"]
[Site "Verbandsliga - Gr. 2 2019/202"]
[Date "2019.11.17"]
[Round "3.5"]
[White "Hochstein, Udo"]
[Black "Goeldenboog, Juergen"]
[Result "1-0"]
[WhiteElo "1888"]
[BlackElo "1945"]
[PlyCount "119"]
[EventDate "2019.??.??"]

1. d4 d5 2. c4 e5 3. dxe5 d4 4. Nf3 Nc6 5. g3 Be6 6. Nbd2 Qd7 7. Bg2 O-O-O 8.
O-O Bh3 9. Rb1 Be7 10. b4 h5 11. b5 Na5 12. Qa4 Bxg2 13. Kxg2 b6 14. Nb3 Nxb3
15. Qxa7 Qf5 16. Qa8+ Kd7 17. Qc6+ Kc8 18. Rxb3 h4 19. Bf4 Qe6 20. Qxe6+ fxe6
21. Rd1 hxg3 22. hxg3 Bc5 23. Rbd3 Ne7 24. Bg5 Kb7 25. e3 Ra8 26. exd4 Bb4 27.
Rb3 Ra4 28. Rb2 Ng6 29. Rc2 Rha8 30. d5 exd5 31. cxd5 Rxa2 32. Rxa2 Rxa2 33. d6
Nxe5 34. Nxe5 Bxd6 35. Nd3 Ra3 36. Bf4 Rb3 37. Bxd6 cxd6 38. Nf4 Rxb5 39. Rxd6
g5 40. Nd5 g4 41. Kf1 Rb1+ 42. Ke2 b5 43. Ke3 Rb3+ 44. Kd4 Rb2 45. Rf6 Kc8 46.
Ne3 Kd7 47. Kc3 Rb1 48. Nxg4 Ke7 49. Rb6 Rc1+ 50. Kd2 Rc4 51. Ne3 Rc5 52. f4
Kf7 53. f5 Kg7 54. g4 Kf7 55. g5 Kg7 56. Kd3 Rc1 57. Rb7+ Kf8 58. Rxb5 Rg1 59.
g6 Kg7 60. Ke4 1-0

[Event "SV Horst-Emscher 1 - SV Bochum-Linden 1"]
[Site "Verbandsliga - Gr. 2 2019/202"]
[Date "2019.11.17"]
[Round "3.6"]
[White "Weichert, Eddy"]
[Black "Pappert, Thomas"]
[Result "0-1"]
[WhiteElo "1805"]
[BlackElo "1807"]
[PlyCount "30"]
[EventDate "2019.??.??"]

1. e4 c5 2. Nf3 Nc6 3. d4 cxd4 4. Nxd4 e5 5. Nb5 d6 6. N1a3 a6 7. Nc3 Be6 8.
Nc4 f5 9. exf5 Bxf5 10. Ne3 Be6 11. Bc4 Nd4 12. Bxe6 Nxe6 13. O-O Nf6 14. Ned5
Rc8 15. Bg5 Nxg5 0-1

[Event "SV Horst-Emscher 1 - SV Bochum-Linden 1"]
[Site "Verbandsliga - Gr. 2 2019/202"]
[Date "2019.11.17"]
[Round "3.7"]
[White "Knackstedt, Ulf"]
[Black "Becker, Marco"]
[Result "0-1"]
[WhiteElo "1780"]
[BlackElo "1944"]
[PlyCount "40"]
[EventDate "2019.??.??"]

1. Nf3 c6 2. e4 d5 3. exd5 cxd5 4. d4 Nc6 5. c3 Qc7 6. Bd3 Bg4 7. Nbd2 Nf6 8.
O-O e6 9. Re1 Bd6 10. h3 Bh5 11. b4 O-O 12. Qb3 Rac8 13. Bb2 Bf4 14. c4 Bxf3
15. Nxf3 dxc4 16. Qxc4 Qb6 17. d5 Nxb4 18. Bd4 Rxc4 19. Bxc4 Qc7 20. Bb3 Nfxd5
0-1

[Event "SV Horst-Emscher 1 - SV Bochum-Linden 1"]
[Site "Verbandsliga - Gr. 2 2019/202"]
[Date "2019.11.17"]
[Round "3.8"]
[White "Konietzka, Bernd"]
[Black "Luek, Harald"]
[Result "0-1"]
[WhiteElo "1908"]
[BlackElo "1744"]
[PlyCount "102"]
[EventDate "2019.??.??"]

1. e4 c5 2. Nf3 Nc6 3. d4 cxd4 4. Nxd4 g6 5. Be3 Bg7 6. c3 Nf6 7. Nd2 O-O 8.
Be2 d5 9. Qc2 e5 10. N4f3 Be6 11. O-O Rc8 12. exd5 Nxd5 13. Bc5 Re8 14. Rad1
Qc7 15. Qa4 a6 16. Ne4 Red8 17. c4 Nf4 18. Qc2 Nxe2+ 19. Qxe2 Nd4 20. Nxd4 exd4
21. b3 Bf5 22. Bb4 Re8 23. f3 Qb6 24. Qe1 Bxe4 25. fxe4 f5 26. Ba5 Qd6 27. Bb4
Qc6 28. e5 Rxe5 29. Qg3 Re3 30. Qf4 Re2 31. Rf2 Rce8 32. Qd6 Qxd6 33. Bxd6 Kf7
34. Bc5 Rxf2 35. Kxf2 Re4 36. Rd3 Ke6 37. Bb6 g5 38. h3 Bf6 39. Kf3 h5 40. b4
g4+ 41. hxg4 hxg4+ 42. Kf2 f4 43. a4 Bh4+ 44. g3 Bxg3+ 45. Kg2 Re2+ 46. Kf1 f3
47. Rd1 d3 48. b5 d2 49. Ba5 axb5 50. cxb5 Bf4 51. Bc3 Be3 0-1

[Event "SC Buer-Hassel 1 - SF Brackel 2"]
[Site "Verbandsliga - Gr. 2 2019/202"]
[Date "2019.11.17"]
[Round "3.1"]
[White "Fiebig, Thomas"]
[Black "Griebl, Joern"]
[Result "1-0"]
[WhiteElo "2428"]
[BlackElo "2191"]
[PlyCount "55"]
[EventDate "2019.??.??"]

1. e4 c5 2. c3 Nf6 3. e5 Nd5 4. Nf3 Nc6 5. d4 cxd4 6. cxd4 d6 7. Bc4 e6 8. O-O
dxe5 9. dxe5 Be7 10. a3 a6 11. Qc2 Qc7 12. Qe4 Na5 13. Ba2 b5 14. Qg4 Kf8 15.
Bg5 Bxg5 16. Qxg5 Bb7 17. Nbd2 h6 18. Qg3 Ne7 19. Rac1 Qb6 20. b4 Nac6 21. Nb3
Nf5 22. Qg4 Rd8 23. Nc5 Ncd4 24. Nxd4 Nxd4 25. Rfd1 h5 26. Qg5 Rh6 27. Qe3 Qc6
28. Nxb7 1-0

[Event "SC Buer-Hassel 1 - SF Brackel 2"]
[Site "Verbandsliga - Gr. 2 2019/202"]
[Date "2019.11.17"]
[Round "3.2"]
[White "Hammerich, Simon"]
[Black "Friedrichs, Klaus"]
[Result "0-1"]
[WhiteElo "2032"]
[BlackElo "2214"]
[Annotator "Daniel"]
[PlyCount "52"]
[EventDate "2019.??.??"]

1. e4 c5 2. Nf3 g6 3. d4 cxd4 4. Qxd4 Nf6 5. Nc3 Nc6 6. Qa4 d6 7. e5 dxe5 $11
8. Nxe5 Bg7 9. Bb5 O-O 10. Nxc6 bxc6 11. Bxc6 Rb8 12. O-O Qc7 13. h3 Bf5 14.
Bf3 a5 15. a3 Rfd8 16. Rd1 Rxd1+ 17. Bxd1 h6 18. Be2 g5 19. Bd3 Qe5 20. Bxf5
Qe1+ 21. Kh2 Qxf2 22. Bd3 Rb4 23. axb4 Ng4+ 24. hxg4 Qh4+ 25. Kg1 Bd4+ 26. Kf1
Qf2# 0-1